| 000 | 00640cam a2200229 4500500 | ||
|---|---|---|---|
| 005 | 20260329002926.0 | ||
| 041 | _afre | ||
| 042 | _adc | ||
| 100 | 1 | 0 |
_aDuru, Martin _eauthor |
| 245 | 0 | 0 | _aGénéalogie du cosmopolitisme |
| 260 | _c2014. | ||
| 500 | _a61 | ||
| 690 | _aCosmopolitisme | ||
| 690 | _aDebray | ||
| 690 | _aDiogène | ||
| 690 | _aÉrasme | ||
| 690 | _aFrontières | ||
| 690 | _aGlissant | ||
| 690 | _aMarc Aurèle | ||
| 786 | 0 | _nPhilosophie magazine | 77 | 3 | 2014-03-01 | p. 51-51 | 1951-1787 | |
| 856 | 4 | 1 | _uhttps://shs.cairn.info/magazine-philosophie-magazine-2014-3-page-51?lang=fr&redirect-ssocas=7080 |
| 999 |
_c1819714 _d1819714 |
||